[Event "FRA-ch U18"]
[Site "Aix les Bains"]
[Date "2009.04.23"]
[Round "6"]
[White "Burille, Matthieu"]
[Black "Baudson, Charles"]
[Result "1-0"]
[WhiteElo "1772"]
[BlackElo "2103"]
[PlyCount "113"]
[EventDate "2009.04.19"]
[EventType "swiss"]
[EventRounds "9"]
[EventCountry "FRA"]
[SourceTitle "CBM 130 Extra"]
[Source "ChessBase"]
[SourceDate "2009.07.02"]
[SourceVersion "2"]
[SourceVersionDate "2009.07.15"]
[SourceQuality "1"]

1. e4 e6 2. d4 d5 3. Nc3 Nf6 4. e5 Nfd7 5. f4 c5 6. Nf3 Nc6 7. Be3 Qb6 8. Na4 Qa5+ 9. c3 c4 10. b4 Qc7 11. g4 b5 12. Nc5 Nxc5 13. bxc5 a5 14. a3 Rb8 15. Bd2 b4 16. axb4 axb4 17. cxb4 Nxb4 18. Bxb4 Rxb4 19. Bh3 Be7 20. 0-0 0-0 21. f5 Rb3 22. Qd2 f6 23. Bg2 fxe5 24. Nxe5 Bxc5 25. fxe6 Qxe5 26. dxc5 Rxf1+ 27. Rxf1 Rd3 28. Qa5 h5 29. Qd8+ Kh7 30. e7 Re3 31. Qxc8 Qxe7 32. Qf5+ g6 33. Qf7+ Qxf7 34. Rxf7+ Kh6 35. Rf3 Re6 36. Rc3 hxg4 37. Bxd5 Re5 38. Rxc4 Rxd5 39. c6 Rd8 40. c7 Rc8 41. Kg2 Kg5 42. Kg3 Kf5 43. Rc3 g5 44. Rc2 Kg6 45. Kxg4 Kh6 46. Rc6+ Kh7 47. Kxg5 Kg7 48. h4 Kf7 49. h5 Kg8 50. Kg6 Kf8 51. h6 Kg8 52. Kf6 Kh7 53. Ke7 Ra8 54. Kd7 Rf8 55. c8Q Rf7+ 56. Kd6 Rf6+ 57. Qe6 1-0

[Event "FRA-ch op-A"]
[Site "Pau"]
[Date "2008.08.20"]
[Round "8"]
[White "Marciniak, Alexandre"]
[Black "Baudson, Charles"]
[Result "1/2-1/2"]
[WhiteElo "2186"]
[BlackElo "2041"]
[PlyCount "39"]
[EventDate "2008.08.11"]
[EventType "swiss"]
[EventRounds "9"]
[EventCountry "FRA"]
[SourceTitle "CBM 126 Extra"]
[Source "ChessBase"]
[SourceDate "2008.11.05"]
[SourceVersion "1"]
[SourceVersionDate "2008.11.05"]
[SourceQuality "1"]

1. e4 e6 2. d4 d5 3. Nd2 Nf6 4. e5 Nfd7 5. c3 c5 6. Bd3 Nc6 7. Ne2 cxd4 8. cxd4 Qb6 9. Nf3 Bb4+ 10. Bd2 0-0 11. 0-0 Bxd2 12. Qxd2 f6 13. exf6 Nxf6 14. Rae1 Kh8 15. Bb1 Qc7 16. Ng3 Bd7 17. Ne5 Rae8 18. Nh1 Qb6 19. Nxc6 Bxc6 20. f3 1/2-1/2

[Event "FRA-ch op-A"]
[Site "Pau"]
[Date "2008.08.14"]
[Round "3"]
[White "Baudson, Charles"]
[Black "Hurpeau, Jean Marc"]
[Result "1-0"]
[WhiteElo "2041"]
[BlackElo "1966"]
[PlyCount "146"]
[EventDate "2008.08.11"]
[EventType "swiss"]
[EventRounds "9"]
[EventCountry "FRA"]
[SourceTitle "CBM 126 Extra"]
[Source "ChessBase"]
[SourceDate "2008.11.05"]
[SourceVersion "1"]
[SourceVersionDate "2008.11.05"]
[SourceQuality "1"]

1. e4 e6 2. d4 d5 3. e5 c5 4. Qg4 Nc6 5. Nf3 Bd7 6. a3 Qc7 7. Qg3 Nge7 8. Bd3 Ng6 9. 0-0 cxd4 10. Nxd4 Nxd4 11. Re1 Be7 12. Nd2 Qb6 13. Nf3 Bb5 14. Bxb5+ Qxb5 15. Nxd4 Qd7 16. Bg5 Bxg5 17. Qxg5 a6 18. f4 Qe7 19. Qg3 Qh4 20. Qxh4 Nxh4 21. g3 Ng6 22. f5 Nf8 23. Re3 Rc8 24. Rb3 Rc7 25. Rb6 Ke7 26. fxe6 fxe6 27. Rf1 h5 28. Rf3 Kd7 29. Kf1 Kc8 30. Ke1 Re7 31. Kd1 Kc7 32. Rfb3 Kc8 33. Nc6 Rc7 34. Na5 Nd7 35. Rxb7 Rxb7 36. Nxb7 Nxe5 37. Nc5 Rh6 38. Rb6 Nc4 39. Rc6+ Kb8 40. b3 Ne3+ 41. Ke2 Nf5 42. Kd3 h4 43. g4 Ng3 44. Rxe6 h3 45. Rxh6 gxh6 46. Nd7+ Kc7 47. Ne5 Ne4 48. Kd4 Nf6 49. Ke3 Ng8 50. Kf4 Kd6 51. Nd3 Ne7 52. Kg3 d4 53. Kxh3 Nd5 54. Kh4 Ne3 55. Kh5 Kd5 56. Nf2 Nxc2 57. Kxh6 Ke5 58. g5 Ne3 59. g6 Nf5+ 60. Kh7 Kf4 61. g7 Ne7 62. g8Q Nxg8 63. Kxg8 Ke3 64. Nd1+ Kd2 65. Nb2 Kc2 66. Nc4 Kxb3 67. Ne5 Kxa3 68. h4 a5 69. h5 a4 70. h6 Kb2 71. h7 a3 72. Nc4+ Kb3 73. Nxa3 Kxa3 1-0

[Event "FRA-ch op-A"]
[Site "Pau"]
[Date "2008.08.13"]
[Round "2"]
[White "Platel, Alexandre"]
[Black "Baudson, Charles"]
[Result "1-0"]
[WhiteElo "2190"]
[BlackElo "2041"]
[PlyCount "177"]
[EventDate "2008.08.11"]
[EventType "swiss"]
[EventRounds "9"]
[EventCountry "FRA"]
[SourceTitle "CBM 126 Extra"]
[Source "ChessBase"]
[SourceDate "2008.11.05"]
[SourceVersion "1"]
[SourceVersionDate "2008.11.05"]
[SourceQuality "1"]

1. e4 e6 2. d4 d5 3. Nc3 Bb4 4. Nge2 dxe4 5. a3 Be7 6. Nxe4 Nf6 7. N2c3 0-0 8. Be3 Nbd7 9. Bd3 b6 10. Qf3 Rb8 11. Qh3 Nxe4 12. Nxe4 g6 13. Qh6 Nf6 14. Ng5 Re8 15. 0-0-0 b5 16. d5 e5 17. f4 Bf8 18. Qh4 h6 19. Ne4 Nxd5 20. Qxd8 Rxd8 21. Bc4 bxc4 22. Rxd5 Rxd5 23. Nf6+ Kg7 24. Nxd5 c6 25. Nc3 exf4 26. Bxa7 Rb7 27. Bd4+ Kh7 28. Ne4 g5 29. h4 Bf5 30. Nf6+ Kg6 31. hxg5 hxg5 32. Rh8 Bg7 33. Rg8 Kh6 34. Rd8 Bxf6 35. Bxf6 Kg6 36. Bc3 Be4 37. Rd2 Bd5 38. a4 f5 39. a5 Rh7 40. Rf2 Rh2 41. Bd4 Rxg2 42. Rxg2 Bxg2 43. Bc5 f3 44. Bf2 g4 45. a6 g3 46. Bxg3 f2 47. Bxf2 c5 48. Kd2 Kf6 49. Kc3 Bd5 50. Bxc5 Ke6 51. a7 Kd7 52. Be3 Kc7 53. Kd4 Be4 54. Kxc4 Kb7 55. c3 f4 56. Bf2 f3 57. Kb5 Bc6+ 58. Kc5 Be8 59. Kd6 Ka8 60. Kc7 Bf7 61. b4 Bc4 62. Kb6 Bd3 63. Kc6 Be4+ 64. Kb6 Bd3 65. Be3 f2 66. Bxf2 Bc2 67. Bg3 Bd3 68. Bb8 Be2 69. Bf4 Bd3 70. Bb8 Be2 71. Kc5 Bf1 72. c4 Be2 73. Kd5 Bf3+ 74. Kd6 Bc6 75. Bc7 Bb7 76. Bb6 Bc8 77. b5 Ba6 78. Bf2 Bb7 79. Be3 Bf3 80. c5 Bg2 81. Bd2 Bf1 82. Kc6 Bg2+ 83. Kc7 Bf1 84. Kb6 Bh3 85. c6 Bg4 86. Kc7 Bf3 87. Ba5 Bg2 88. Kd8 Bh3 89. c7 1-0

[Event "FRA-chT Top 16 Gp Basse"]
[Site "Evry"]
[Date "2008.05.31"]
[Round "10"]
[White "Shoker, Samy"]
[Black "Baudson, Charles"]
[Result "1-0"]
[WhiteElo "2377"]
[BlackElo "2053"]
[PlyCount "174"]
[EventDate "2008.05.29"]
[EventType "team"]
[EventRounds "11"]
[EventCountry "FRA"]
[SourceTitle "CBM 124 Extra"]
[Source "ChessBase"]
[SourceDate "2008.07.03"]
[SourceVersion "1"]
[SourceVersionDate "2008.07.03"]
[SourceQuality "1"]

1. g3 g6 2. Bg2 Bg7 3. c4 e5 4. Nc3 Nc6 5. Rb1 a5 6. a3 d6 7. d3 Nf6 8. Nf3 0-0 9. 0-0 Nh5 10. b4 axb4 11. axb4 f5 12. b5 Ne7 13. Qb3 h6 14. c5+ Kh7 15. Ba3 Rf6 16. cxd6 cxd6 17. Nd2 g5 18. Nc4 Rg6 19. b6 d5 20. Bxe7 dxc4 21. Qb4 Qe8 22. dxc4 e4 23. Nd5 Ra4 24. Qb3 Be6 25. Nc7 Qc6 26. Nxe6 Rxe6 27. Bb4 Nf6 28. c5 Nd5 29. Ba3 Re8 30. Rfd1 Nc3 31. Rd6 Rxa3 32. Qxa3 Nb5 33. Rxb5 Qxb5 34. e3 Re5 35. Bf1 Qxc5 36. Qxc5 Rxc5 37. Rd7 Rc1 38. Rxb7 Rb1 39. Kg2 Kg6 40. Bc4 f4 41. Bd5 Rb4 42. gxf4 gxf4 43. exf4 Bd4 44. Bxe4+ Kh5 45. Rf7 Bxb6 46. Rf5+ Kg6 47. Rb5+ Rxe4 48. Rxb6+ Kh5 49. Kg3 Re3+ 50. f3 Re7 51. Rb5+ Kg6 52. Kg4 Rf7 53. h4 Ra7 54. f5+ Kg7 55. Rb4 Rc7 56. Rb6 Rc4+ 57. Kg3 Rc7 58. Rg6+ Kh7 59. Kg4 Rc5 60. Rd6 h5+ 61. Kg5 Kg7 62. Rd7+ Kf8 63. Kg6 Rc1 64. Ra7 Rg1+ 65. Kf6 Kg8 66. Ra4 Rf1 67. Ra3 Rh1 68. Rb3 Ra1 69. Rb6 Rf1 70. Rb3 Rf2 71. Re3 Kf8 72. Re7 Kg8 73. Rg7+ Kh8 74. Rg3 Ra2 75. Kg6 Kg8 76. Rg5 Ra7 77. f6 Rb7 78. Kxh5+ Kh8 79. Kg6 Kg8 80. Rg4 Ra7 81. Rb4 Rg7+ 82. Kf5 Ra7 83. Re4 Ra3 84. Kg6 Kf8 85. Rb4 Ra8 86. Rb7 Kg8 87. Rg7+ Kh8 1-0

[Event "FRA-chT Top 16 Gp Basse"]
[Site "Evry"]
[Date "2008.05.29"]
[Round "8"]
[White "Acher, Mathieu"]
[Black "Baudson, Charles"]
[Result "1-0"]
[WhiteElo "2381"]
[BlackElo "2053"]
[PlyCount "147"]
[EventDate "2008.05.29"]
[EventType "team"]
[EventRounds "11"]
[EventCountry "FRA"]
[SourceTitle "CBM 124 Extra"]
[Source "ChessBase"]
[SourceDate "2008.07.03"]
[SourceVersion "1"]
[SourceVersionDate "2008.07.03"]
[SourceQuality "1"]

1. e4 e6 2. d4 d5 3. Nd2 Be7 4. Ngf3 c5 5. exd5 Qxd5 6. Bc4 Qd8 7. dxc5 Bxc5 8. 0-0 Qc7 9. Ne4 Be7 10. Qd4 Nf6 11. Bg5 Nxe4 12. Qxe4 Bxg5 13. Nxg5 h6 14. Nxe6 fxe6 15. Bxe6 Bxe6 16. Qxe6+ Kf8 17. Rad1 Nc6 18. Rd5 Nd8 19. Qf5+ Qf7 20. Qd3 Qe7 21. Rd7 Qf6 22. Rd6 Qe7 23. Rd7 Qf6 24. Re1 Nc6 25. Rxb7 Rd8 26. Rd7 a5 27. h3 h5 28. Re3 Kg8 29. Rxd8+ Qxd8 30. Qc4+ Kh7 31. Qxc6 Rf8 32. Qe4+ Kh6 33. Rd3 Qb8 34. Rg3 Qd6 35. Qe3+ Rf4 36. Rf3 g5 37. Qe2 h4 38. Rd3 Qb6 39. Rb3 Qc6 40. Qe3 Rf6 41. Rc3 Qd7 42. Rc5 Rf5 43. Rxf5 Qxf5 44. Qb6+ Kh7 45. Qc7+ Kh6 46. Qc6+ Kg7 47. a4 Qf4 48. Qc3+ Kh6 49. Qc6+ Kg7 50. Qd7+ Kf6 51. Qc6+ Kg7 52. Qc3+ Kh6 53. Kf1 Qxa4 54. Qf6+ Kh5 55. b3 Qb5+ 56. Ke1 a4 57. bxa4 Qxa4 58. Qf5 Kh6 59. Qe6+ Kh7 60. c4 Qc2 61. Qd5 Kg6 62. Qd4 Kf5 63. g4+ hxg3 64. fxg3 Qc1+ 65. Ke2 Qc2+ 66. Ke3 Qc1+ 67. Qd2 Qxc4 68. Qd3+ Qxd3+ 69. Kxd3 Ke5 70. Ke3 Kf5 71. Kd4 Ke6 72. Ke4 Kf6 73. Kd5 Kf5 74. g4+ 1-0

[Event "FRA-ch U16"]
[Site "Le Grand Bornand"]
[Date "2007.04.11"]
[Round "5"]
[White "Mahiouz, Oualid"]
[Black "Baudson, Charles"]
[Result "1-0"]
[WhiteElo "1943"]
[BlackElo "2059"]
[PlyCount "25"]
[EventDate "2007.04.07"]
[EventType "swiss"]
[EventRounds "9"]
[EventCountry "FRA"]
[SourceTitle "CBM 118 Extra"]
[Source "ChessBase"]
[SourceDate "2007.07.04"]
[SourceVersion "1"]
[SourceVersionDate "2007.07.04"]
[SourceQuality "1"]

1. e4 c5 2. Nc3 Nc6 3. f4 d6 4. Nf3 g6 5. Bc4 Bg4 6. Bxf7+ Kxf7 7. Ng5+ Ke8 8. Qxg4 Nd4 9. Qd1 Qd7 10. Nd5 h6 11. Nh3 Qa4 12. b3 Nxb3 13. Nc3 1-0

[Event "FRA-ch U16"]
[Site "Le Grand Bornand"]
[Date "2007.04.10"]
[Round "4"]
[White "Baudson, Charles"]
[Black "Saatdjian, Thomas"]
[Result "0-1"]
[WhiteElo "2059"]
[BlackElo "2229"]
[PlyCount "39"]
[EventDate "2007.04.07"]
[EventType "swiss"]
[EventRounds "9"]
[EventCountry "FRA"]
[SourceTitle "CBM 118 Extra"]
[Source "ChessBase"]
[SourceDate "2007.07.04"]
[SourceVersion "1"]
[SourceVersionDate "2007.07.04"]
[SourceQuality "1"]

1. Nc3 c5 2. Nf3 e6 3. d4 cxd4 4. Nxd4 a6 5. g3 Nc6 6. Bg2 Nf6 7. 0-0 Be7 8. a4 0-0 9. Nb3 d5 10. e4 d4 11. Ne2 e5 12. f4 Ng4 13. fxe5 Ne3 14. Bxe3 dxe3 15. Qe1 Be6 16. Qc3 Qb6 17. a5 Qa7 18. Nbd4 Nxd4 19. Nxd4 e2 20. Qa3 0-1

[Event "FRA-ch U16"]
[Site "Le Grand Bornand"]
[Date "2007.04.09"]
[Round "3"]
[White "Lallement, Victor"]
[Black "Baudson, Charles"]
[Result "0-1"]
[WhiteElo "2005"]
[BlackElo "2059"]
[PlyCount "156"]
[EventDate "2007.04.07"]
[EventType "swiss"]
[EventRounds "9"]
[EventCountry "FRA"]
[SourceTitle "CBM 118 Extra"]
[Source "ChessBase"]
[SourceDate "2007.07.04"]
[SourceVersion "1"]
[SourceVersionDate "2007.07.04"]
[SourceQuality "1"]

1. e4 c5 2. Nf3 Nc6 3. d4 cxd4 4. Nxd4 Nf6 5. Nc3 e5 6. Ndb5 d6 7. Nd5 Nxd5 8. exd5 Nb8 9. c4 Be7 10. Bd3 0-0 11. 0-0 a6 12. Nc3 f5 13. f4 Nd7 14. Na4 e4 15. Be2 Nb6 16. Be3 Nxa4 17. Qxa4 Bd7 18. Qb3 b5 19. c5 Bc8 20. c6 Qc7 21. a4 bxa4 22. Rxa4 Bd8 23. Qc4 h6 24. b4 Rb8 25. Qa2 g5 26. g3 Qg7 27. Qd2 gxf4 28. Bxf4 Bg5 29. Kh1 Re8 30. h4 e3 31. Qe1 Bxf4 32. Rxf4 Qe5 33. Qd1 Rb5 34. Ra5 Rxa5 35. bxa5 Qc3 36. Ra4 Re5 37. Kg2 Qd2 38. Qxd2 exd2 39. Kf2 Rxd5 40. Ra1 Rc5 41. Rd1 Rxc6 42. Rxd2 Kg7 43. Bf3 Rc5 44. Rxd6 Rxa5 45. Rc6 Ra2+ 46. Ke1 Ra3 47. Kf2 Rxf3+ 48. Ke2 Rxg3 49. Rxc8 Rh3 50. Rc7+ Kg6 51. Rc6+ Kh5 52. Rxa6 Rxh4 53. Kf3 Kg5 54. Ra8 Rh3+ 55. Kg2 Rb3 56. Rg8+ Kf4 57. Rh8 Rb6 58. Rh7 Rg6+ 59. Kf2 Kg4 60. Rb7 h5 61. Rb3 f4 62. Kg2 Ra6 63. Rb2 h4 64. Rc2 Ra4 65. Rc8 Ra2+ 66. Kg1 Kg3 67. Rg8+ Kf3 68. Rh8 Rg2+ 69. Kh1 Rg4 70. Kh2 Rg2+ 71. Kh1 Rb2 72. Rh7 Kf2 73. Kh2 f3 74. Rxh4 Ke1+ 75. Kg3 f2 76. Re4+ Re2 77. Ra4 Re3+ 78. Kh2 f1Q 0-1

[Event "FRA-chT3 Gr01 0607"]
[Site "France"]
[Date "2007.03.18"]
[Round "7.4"]
[White "Baudson, Charles"]
[Black "Bucci, Simon"]
[Result "1-0"]
[WhiteElo "2065"]
[BlackElo "2030"]
[PlyCount "49"]
[EventDate "2006.10.15"]
[EventType "team"]
[EventRounds "9"]
[EventCountry "FRA"]
[SourceTitle "EXT 2008"]
[Source "ChessBase"]
[SourceDate "2007.11.25"]
[SourceVersion "1"]
[SourceVersionDate "2007.11.25"]
[SourceQuality "1"]

1. e4 c5 2. c3 Nf6 3. e5 Nd5 4. Nf3 g6 5. d4 cxd4 6. Bc4 Nb6 7. Bb3 dxc3 8. Nxc3 Bg7 9. Ng5 e6 10. Qd6 Qe7 11. Nb5 Qxd6 12. Nxd6+ Ke7 13. Ngxf7 Rg8 14. Bg5+ Kf8 15. Nh6 Bxe5 16. Nxg8 Kxg8 17. 0-0-0 Na6 18. Rhe1 Bg7 19. Kb1 Bf8 20. Nxc8 Rxc8 21. Rxe6 dxe6 22. Bxe6+ Kg7 23. Bxc8 Nxc8 24. Rd7+ Kg8 25. Rd8 1-0

[Event "FRA-ch U14"]
[Site "Aix les Bains"]
[Date "2006.04.18"]
[Round "4"]
[White "Bonn, Thomas"]
[Black "Baudson, Charles"]
[Result "0-1"]
[WhiteElo "2035"]
[BlackElo "2082"]
[PlyCount "72"]
[EventDate "2006.04.16"]
[EventType "swiss"]
[EventRounds "9"]
[EventCountry "FRA"]
[SourceTitle "EXT 2007"]
[Source "ChessBase"]
[SourceDate "2006.11.23"]
[SourceVersion "1"]
[SourceVersionDate "2006.11.23"]
[SourceQuality "1"]

1. e4 c5 2. Nc3 Nc6 3. g3 g6 4. Bg2 Bg7 5. d3 d6 6. Be3 e5 7. Qd2 Nge7 8. Bh6 0-0 9. h4 Bxh6 10. Qxh6 f6 11. Qd2 Nd4 12. h5 g5 13. Nd1 h6 14. c3 Ndc6 15. Ne2 Be6 16. f4 Rb8 17. Ne3 b5 18. f5 Bf7 19. g4 Qa5 20. Kf2 Rfd8 21. Rhd1 d5 22. exd5 Nxd5 23. Ng3 Qb6 24. Nxd5 Bxd5 25. Bxd5+ Rxd5 26. Ne4 Kg7 27. Qe3 Rbd8 28. Ke1 Kf7 29. Rd2 Na5 30. Rc1 R8d7 31. Rcd1 Qc6 32. Kf2 Ke7 33. b4 Nb7 34. d4 cxd4 35. cxd4 Nd6 36. Nc3 Qxc3 0-1

[Event "FRA-chT U20"]
[Site "Pau"]
[Date "2005.12.18"]
[Round "4"]
[White "Baudson, Charles"]
[Black "Delivre, Raphael"]
[Result "1-0"]
[WhiteElo "1986"]
[BlackElo "2044"]
[PlyCount "107"]
[EventDate "2005.12.??"]
[EventType "team"]
[EventRounds "11"]
[EventCountry "FRA"]
[SourceTitle "EXT 2007"]
[Source "ChessBase"]
[SourceDate "2006.11.23"]
[SourceVersion "1"]
[SourceVersionDate "2006.11.23"]
[SourceQuality "1"]
[WhiteTeam "Hyeres"]
[BlackTeam "Paris NAO"]
[WhiteTeamCountry "FRA"]
[BlackTeamCountry "FRA"]

1. e4 c5 2. c3 Nf6 3. e5 Nd5 4. Nf3 e6 5. d4 cxd4 6. cxd4 b6 7. Nc3 Bb7 8. a3 Nxc3 9. bxc3 d6 10. Bb5+ Nd7 11. 0-0 a6 12. Bg5 Qc7 13. Bxd7+ Qxd7 14. Bf4 Rc8 15. Qd3 Bxf3 16. Qxf3 dxe5 17. Bxe5 f6 18. Bf4 Qd5 19. Qd3 b5 20. a4 e5 21. Qe3 Bd6 22. Rfd1 Qc4 23. dxe5 Bc5 24. Qg3 0-0 25. Bh6 Rc7 26. exf6 Rxf6 27. Be3 Rcf7 28. Bxc5 Qxc5 29. Rd8+ Rf8 30. Rxf8+ Rxf8 31. axb5 Qxb5 32. h3 a5 33. c4 Qxc4 34. Rxa5 Qc1+ 35. Kh2 Qf4 36. Ra7 Qxg3+ 37. Kxg3 g6 38. f3 Rf7 39. Rxf7 Kxf7 40. Kf4 Kf6 41. h4 h6 42. Ke4 Ke6 43. h5 gxh5 44. f4 Kf6 45. g3 Ke6 46. f5+ Kf6 47. Kf4 Kf7 48. Ke5 Ke7 49. f6+ Ke8 50. Kf4 Kf8 51. Ke4 Ke8 52. Ke5 Kf7 53. Kf5 Kg8 54. Kg6 1-0

[Event "FRA-ch U14"]
[Site "Calvi"]
[Date "2005.04.19"]
[Round "3"]
[White "Baudson, Charles"]
[Black "Kharmoudi, Slimane"]
[Result "1-0"]
[WhiteElo "2007"]
[BlackElo "1929"]
[PlyCount "79"]
[EventDate "2005.04.??"]
[EventType "swiss"]
[EventRounds "9"]
[EventCountry "FRA"]
[SourceTitle "EXT 2006"]
[Source "ChessBase"]
[SourceDate "2005.11.24"]
[SourceVersion "1"]
[SourceVersionDate "2005.11.24"]
[SourceQuality "1"]

1. e4 c5 2. Nf3 d6 3. c3 Nf6 4. h3 Nc6 5. Bd3 e6 6. Bc2 Be7 7. 0-0 0-0 8. Re1 Qc7 9. d4 cxd4 10. cxd4 Nb4 11. Bb3 h6 12. Nc3 Bd7 13. a3 Na6 14. e5 Nh7 15. Bf4 d5 16. Qd2 Kh8 17. Bc2 Rg8 18. h4 Qd8 19. Qd3 Nf8 20. Ng5 hxg5 21. hxg5 g6 22. Re3 Rg7 23. Rg3 Nh7 24. Qe3 Nc7 25. a4 b5 26. Kh2 bxa4 27. Rh1 Rb8 28. Nd1 Na8 29. Rh3 Nb6 30. Bd3 Na8 31. f3 Rb3 32. Kg3 Rxd3 33. Qxd3 Bxg5 34. Qe3 Bxf4+ 35. Qxf4 f5 36. exf6 Rf7 37. Rxh7+ Rxh7 38. Rxh7+ Kxh7 39. Qh4+ Kg8 40. f7+ 1-0

[Event "France-ch U12"]
[Site "Reims"]
[Date "2004.04.20"]
[Round "4"]
[White "Delivre, Raphael"]
[Black "Baudson, Charles"]
[Result "1-0"]
[WhiteElo "1831"]
[BlackElo "1957"]
[PlyCount "75"]
[EventDate "2004.04.??"]
[EventType "swiss"]
[EventRounds "9"]
[EventCountry "FRA"]
[SourceTitle "EXT 2005"]
[Source "ChessBase"]
[SourceDate "2004.11.15"]
[SourceVersion "1"]
[SourceVersionDate "2004.11.15"]
[SourceQuality "1"]

1. e4 e6 2. d4 d5 3. Nd2 Nf6 4. e5 Nfd7 5. Bd3 c5 6. c3 Nc6 7. Ne2 cxd4 8. cxd4 f6 9. exf6 Nxf6 10. 0-0 Bd6 11. Nf3 Qc7 12. g3 0-0 13. Bf4 e5 14. dxe5 Nxe5 15. Nxe5 Bxe5 16. Rc1 Qe7 17. Re1 Bg4 18. Bxe5 Qxe5 19. Nd4 Ne4 20. Bxe4 dxe4 21. f4 Bxd1 22. fxe5 Bf3 23. Rc7 e3 24. Rxe3 Bd5 25. e6 g6 26. e7 Rfe8 27. Nb5 Bc6 28. Nd6 Reb8 29. b4 Be8 30. g4 h6 31. h4 g5 32. hxg5 hxg5 33. Re5 Kg7 34. Rxg5+ Kf6 35. Rg8 Ke6 36. Nxe8 Rxe8 37. Rxe8 Rxe8 38. Rxb7 1-0

[Event "France-ch U12"]
[Site "Reims"]
[Date "2004.04.18"]
[Round "1"]
[White "Baudson, Charles"]
[Black "Aras, Anthony"]
[Result "1-0"]
[WhiteElo "1957"]
[BlackElo "1610"]
[PlyCount "37"]
[EventDate "2004.04.??"]
[EventType "swiss"]
[EventRounds "9"]
[EventCountry "FRA"]
[SourceTitle "EXT 2005"]
[Source "ChessBase"]
[SourceDate "2004.11.15"]
[SourceVersion "1"]
[SourceVersionDate "2004.11.15"]
[SourceQuality "1"]

1. e4 d5 2. exd5 Qxd5 3. Nc3 Qa5 4. d4 Nf6 5. Bd2 c6 6. Bc4 Bf5 7. Nf3 Nbd7 8. Qe2 Bxc2 9. Nb5 Qb6 10. Nd6+ Kd8 11. Nxf7+ Kc8 12. Nxh8 Qxb2 13. 0-0 Ba4 14. Rab1 Qc2 15. Rfc1 Qf5 16. Be6 Qh5 17. Nf7 h6 18. g4 Nxg4 19. Bxd7+ 1-0

[Event "FRA-chT U20 0203"]
[Site "Clichy"]
[Date "2003.05.04"]
[Round "11.6"]
[White "Le Ruyet, Leopold"]
[Black "Baudson, Charles"]
[Result "0-1"]
[WhiteElo "1450"]
[BlackElo "1840"]
[PlyCount "62"]
[EventDate "2002.12.??"]
[EventType "team"]
[EventRounds "11"]
[EventCountry "FRA"]
[SourceTitle "EXT 2004"]
[Source "ChessBase"]
[SourceDate "2003.11.25"]
[SourceVersion "1"]
[SourceVersionDate "2003.11.25"]
[SourceQuality "1"]
[WhiteTeam "Sautron"]
[BlackTeam "Cannes"]
[WhiteTeamCountry "FRA"]
[BlackTeamCountry "FRA"]

1. e4 c5 2. Nf3 d6 3. d4 cxd4 4. Nxd4 Nf6 5. Nc3 g6 6. Be3 Bg7 7. f3 0-0 8. Qd2 Nc6 9. Bc4 Bd7 10. 0-0-0 Ne5 11. Bb3 Qa5 12. Kb1 Rfc8 13. g4 Nc4 14. Bxc4 Rxc4 15. Nb3 Qa6 16. h4 Rac8 17. h5 Bxg4 18. fxg4 Rxc3 19. bxc3 Nxe4 20. Qd3 Nxc3+ 21. Kc1 Qa3+ 22. Kd2 Nxd1 23. Rxd1 Qb4+ 24. Ke2 Qxg4+ 25. Ke1 Qxh5 26. Nd4 Qh1+ 27. Ke2 Qg2+ 28. Ke1 Bxd4 29. Bxd4 Rxc2 30. a3 Qh1+ 31. Qf1 Qe4+ 0-1

[Event "FRA-chT U20 0203"]
[Site "Clichy"]
[Date "2003.01.04"]
[Round "6.6"]
[White "Delivre, Raphael"]
[Black "Baudson, Charles"]
[Result "1-0"]
[WhiteElo "1720"]
[BlackElo "1820"]
[PlyCount "53"]
[EventDate "2002.12.??"]
[EventType "team"]
[EventRounds "11"]
[EventCountry "FRA"]
[SourceTitle "EXT 2004"]
[Source "ChessBase"]
[SourceDate "2003.11.25"]
[SourceVersion "1"]
[SourceVersionDate "2003.11.25"]
[SourceQuality "1"]
[WhiteTeam "Paris NAO"]
[BlackTeam "Cannes"]
[WhiteTeamCountry "FRA"]
[BlackTeamCountry "FRA"]

1. e4 e6 2. d4 d5 3. Nd2 Nf6 4. e5 Nfd7 5. c3 c5 6. Bd3 Nc6 7. Ne2 Qb6 8. Nf3 cxd4 9. cxd4 Be7 10. 0-0 f6 11. exf6 Bxf6 12. Nf4 Nxd4 13. Re1 Nxf3+ 14. Qxf3 Be5 15. Qh3 Qd6 16. Ng6 Rg8 17. Nxe5 Nxe5 18. Bf4 Nf3+ 19. Qxf3 Qb4 20. Bxh7 Rf8 21. Qh5+ Kd7 22. Be5 Qc5 23. Qe2 Kd8 24. Rac1 Qe7 25. Qg4 g5 26. Bc7+ Kd7 27. Qa4+ 1-0

[Event "FRA-chT U20 0203"]
[Site "Clichy"]
[Date "2003.01.03"]
[Round "4.6"]
[White "Zaky, Tarik"]
[Black "Baudson, Charles"]
[Result "0-1"]
[WhiteElo "1099"]
[BlackElo "1820"]
[PlyCount "88"]
[EventDate "2002.12.??"]
[EventType "team"]
[EventRounds "11"]
[EventCountry "FRA"]
[SourceTitle "EXT 2004"]
[Source "ChessBase"]
[SourceDate "2003.11.25"]
[SourceVersion "1"]
[SourceVersionDate "2003.11.25"]
[SourceQuality "1"]
[WhiteTeam "Clichy"]
[BlackTeam "Cannes"]
[WhiteTeamCountry "FRA"]
[BlackTeamCountry "FRA"]

1. e4 e6 2. Nf3 d5 3. exd5 exd5 4. d4 Bf5 5. Bf4 Bd6 6. Bxd6 Qxd6 7. Nc3 Nc6 8. a3 Nf6 9. Bb5 0-0 10. 0-0 Bg4 11. Be2 a6 12. Re1 Rfe8 13. Ne5 Nxe5 14. dxe5 Rxe5 15. Bxg4 Rxe1+ 16. Qxe1 Nxg4 17. g3 Qh6 18. h4 c6 19. Qe2 Qe6 20. Qd2 Ne5 21. Qe2 Re8 22. f4 Nc4 23. Qxe6 Rxe6 24. b3 Re3 25. Nd1 Re1+ 26. Kf2 Ne3 27. Kxe1 Nxc2+ 28. Kd2 Nxa1 29. Kc3 Nxb3 30. Kxb3 Kf8 31. Kb4 b6 32. Nc3 a5+ 33. Ka4 Ke7 34. g4 Kd6 35. Kb3 b5 36. a4 b4 37. Ne2 c5 38. Kc2 d4 39. Kd3 Kd5 40. f5 c4+ 41. Kd2 d3 42. Nc1 Ke4 43. Ke1 b3 44. Nxb3 cxb3 0-1

[Event "FRA-ch U12"]
[Site "Le Grand Bornand"]
[Date "2003.??.??"]
[Round "1.10"]
[White "Baudson, Charles"]
[Black "Charrais, Kevin"]
[Result "1-0"]
[WhiteElo "1840"]
[BlackElo "1530"]
[PlyCount "66"]
[EventDate "2003.??.??"]
[EventType "swiss"]
[EventRounds "9"]
[EventCountry "FRA"]
[SourceTitle "EXT 2004"]
[Source "ChessBase"]
[SourceDate "2003.11.25"]
[SourceVersion "1"]
[SourceVersionDate "2003.11.25"]
[SourceQuality "1"]

1. e4 c5 2. Nf3 Nc6 3. c3 d6 4. d4 Nf6 5. Be3 cxd4 6. cxd4 Nxe4 7. d5 Ne5 8. Qa4+ Bd7 9. Qxe4 Nxf3+ 10. Qxf3 Rc8 11. Bd3 e5 12. dxe6 Bxe6 13. Qxb7 Be7 14. Bb5+ Bd7 15. Bxd7+ Qxd7 16. Qxd7+ Kxd7 17. 0-0 Rc2 18. Bd4 Rg8 19. Na3 Rd2 20. Rad1 Rxd1 21. Rxd1 h5 22. Bxa7 g5 23. Nc4 Rg6 24. Ne5+ Ke6 25. Nxg6 fxg6 26. b4 Kd7 27. Rc1 d5 28. b5 Bf6 29. Rc6 Be5 30. Rxg6 d4 31. Rxg5 Ke6 32. Rxe5+ Kxe5 33. Bxd4+ Kxd4 1-0

[Event "FRA-ch U12"]
[Site "Le Grand Bornand"]
[Date "2003.??.??"]
[Round "5.7"]
[White "Baudson, Charles"]
[Black "Durandeau, Jean Marie"]
[Result "0-1"]
[WhiteElo "1840"]
[BlackElo "1710"]
[PlyCount "72"]
[EventDate "2003.??.??"]
[EventType "swiss"]
[EventRounds "9"]
[EventCountry "FRA"]
[SourceTitle "EXT 2004"]
[Source "ChessBase"]
[SourceDate "2003.11.25"]
[SourceVersion "1"]
[SourceVersionDate "2003.11.25"]
[SourceQuality "1"]

1. e4 e5 2. Nf3 Nf6 3. Bc4 Nxe4 4. Nc3 Nd6 5. Bb3 e4 6. Ne5 Qe7 7. Nc4 Nxc4 8. Bxc4 c6 9. Qg4 g6 10. 0-0 Bg7 11. Bb3 0-0 12. Qxe4 Qxe4 13. Nxe4 d5 14. Ng3 Nd7 15. c3 Nc5 16. Bc2 f5 17. f3 d4 18. b4 Na6 19. Bb3+ Kh8 20. Bb2 dxc3 21. Bxc3 c5 22. Bxg7+ Kxg7 23. b5 Nb4 24. Rac1 b6 25. Rc3 Rd8 26. Re1 a6 27. a3 Nd3 28. Re7+ Kh8 29. Bc4 Nf4 30. Rce3 Bd7 31. bxa6 b5 32. Ba2 c4 33. Nf1 Nd5 34. R3e5 Nxe7 35. Rxe7 Rxa6 36. Ne3 Bc6 0-1